000 01022cab a2200313 4500
001 ABS46362
008 090401t1992 xxu||||| |||| 00| 0 eng d
035 _a(Sirsi) u57954
041 _aeng
100 _aCalder, M.
245 _aBusiness centres: the UK picture
260 _c1992
350 _a0
490 _aProperty Management
_v10(2) Spring 1992, 106-117(6)
520 _aUsing the results of a questionnaire survey, this article analyses the size and structure of the emerging `business centres` market, currently representing perhaps £2bn of property assets.
650 _aBUSINESS CENTRES
650 _aCOMMERCIAL CENTRES
650 _aFLEXIBLE LETTING
650 _aMANAGED WORKSPACE
650 _aNURSERY INDUSTRIALS
650 _aOCCUPATIONAL AGREEMENTS
650 _aSERVICED OFFICES
650 _aSMALL BUSINESSES
650 _aTHEMED CENTRES
690 _aPROPERTY-COMMERCIAL PROPERTY-COMMERCIAL PROPERTY MARKET
700 _aCourtney, S.
942 _n0
948 _c04/03/1997
999 _c35372
_d35372